000
00255nam a2200109Ia 4500
008
220204s9999 xx 000 0 und d
082
_a
82-3
_b
BAT
100
_a
H E
245
2
_a
A Little of what you fancy
260
_a
England
_b
Penguin
_c
1978
942
_c
BK
999
_c
32972
_d
32972